[Event "Sarkany-Aranytiz IM"]
[Site "Budapest"]
[Date "2013.08.17"]
[Round "1"]
[White "Grigoryan, Meri"]
[Black "Koczo, Kristof"]
[Result "0-1"]
[WhiteElo "2052"]
[BlackElo "2282"]
[PlyCount "74"]
[EventDate "2013.08.17"]
[EventType "tourn"]
[EventRounds "9"]
[EventCountry "HUN"]
[EventCategory "1"]

1. d4 d5 2. Nf3 Nf6 3. Bf4 c5 4. c3 Qb6 5. Qb3 Nc6 6. Qxb6 axb6 7. Bc7 b5 8.
dxc5 b4 9. e3 e6 10. Bb6 Nd7 11. Bb5 Nxb6 12. cxb6 Bd7 13. O-O Bc5 14. cxb4
Nxb4 15. Nc3 Bxb6 16. a3 Nc6 17. Na4 Ba7 18. Rfc1 Ke7 19. Nc5 Bxc5 20. Rxc5 Kd6
21. Rac1 Na5 22. Ne5 Kxe5 23. Bxd7 Nb3 24. Rc7 Nxc1 25. Rxc1 Kd6 26. Bb5 Rhc8
27. Rd1 Rc2 28. a4 Rac8 29. g3 Rc1 30. Rxc1 Rxc1+ 31. Kg2 Rb1 32. Be8 f6 33. g4
Rxb2 34. h4 e5 35. Kf3 d4 36. exd4 exd4 37. Bb5 Rxb5 0-1

[Event "Sarkany-Aranytiz IM"]
[Site "Budapest"]
[Date "2013.08.17"]
[Round "1"]
[White "Torma, Robert"]
[Black "Brustkern, Juergen"]
[Result "1-0"]
[WhiteElo "2385"]
[BlackElo "2227"]
[PlyCount "113"]
[EventDate "2013.08.17"]
[EventType "tourn"]
[EventRounds "9"]
[EventCountry "HUN"]
[EventCategory "1"]

1. e4 e5 2. Nf3 Nf6 3. d4 exd4 4. e5 Ne4 5. Qxd4 d5 6. exd6 Nxd6 7. Nc3 Nc6 8.
Qf4 Be7 9. Bd3 O-O 10. O-O Be6 11. Rd1 Bf6 12. Ng5 Bxg5 13. Qxg5 Qxg5 14. Bxg5
Nb4 15. Be7 Rfe8 16. Bxd6 cxd6 17. Bb5 Red8 18. a3 Nc6 19. Rd2 a6 20. Be2 d5
21. Na4 d4 22. Rad1 Rab8 23. Nc5 Bf5 24. Bf3 a5 25. Bxc6 bxc6 26. c3 h6 27.
cxd4 Kh7 28. f3 Rb5 29. g4 Bg6 30. Rc1 Rdb8 31. Na4 Rb3 32. Rc3 f5 33. h3 f4
34. Kf2 Bf7 35. Rxb3 Rxb3 36. Nc5 Rb5 37. h4 Bd5 38. h5 Kg8 39. Rc2 Kf7 40. Nd3
Rb3 41. Rc3 Rb7 42. b4 axb4 43. axb4 Kf6 44. Nxf4 Rxb4 45. Nxd5+ cxd5 46. Rc6+
Ke7 47. Ke3 Rb3+ 48. Kf4 Rd3 49. Ke5 Rxf3 50. Kxd5 Rg3 51. Re6+ Kf7 52. Re4 g6
53. hxg6+ Kxg6 54. Ke6 Rf3 55. d5 Rf6+ 56. Ke7 Rf7+ 57. Ke8 1-0

[Event "Sarkany-Aranytiz IM"]
[Site "Budapest"]
[Date "2013.08.17"]
[Round "1"]
[White "To, Nhat Minh"]
[Black "Lyell, Mark"]
[Result "1-0"]
[WhiteElo "2296"]
[BlackElo "2219"]
[PlyCount "151"]
[EventDate "2013.08.17"]
[EventType "tourn"]
[EventRounds "9"]
[EventCountry "HUN"]
[EventCategory "1"]

1. e4 c6 2. d4 d5 3. Nc3 dxe4 4. Nxe4 Nd7 5. Nf3 Ngf6 6. Ng3 g6 7. Bd3 Bg7 8.
O-O c5 9. Re1 cxd4 10. Nxd4 O-O 11. Bf1 Nc5 12. c3 Bg4 13. f3 Bd7 14. Be3 Rc8
15. Bf2 Re8 16. Nb3 Na4 17. Qc2 Qc7 18. Rad1 b5 19. Qe2 e5 20. Be3 Bc6 21. Qf2
Nd5 22. Bc1 Nf4 23. Ne4 Red8 24. Be3 Bxe4 25. fxe4 a6 26. g3 Ne6 27. Rd5 Rd6
28. Red1 Rcd8 29. Bh3 Qe7 30. Qd2 Bf8 31. Rxd6 Rxd6 32. Qxd6 Qxd6 33. Rxd6 Bxd6
34. Bxe6 fxe6 35. Bc1 Bc5+ 36. Kf1 Kf7 37. Ke2 Ke7 38. Nd2 Kd6 39. Nf3 b4 40.
Kd3 bxc3 41. bxc3 Bb6 42. Ba3+ Bc5 43. Bc1 Bb6 44. Ng5 Nc5+ 45. Kc4 Kc6 46. Be3
Bd8 47. Nf3 Nb7 48. Nxe5+ Kc7 49. Bc1 Nd6+ 50. Kd3 Bf6 51. Ng4 Bg7 52. Bf4 Kc6
53. Bxd6 Kxd6 54. Ne3 Kc5 55. Nc2 Bf6 56. Nd4 Kd6 57. Nf3 Bd8 58. Kc4 Bf6 59.
Kb4 Bd8 60. Nd4 Bb6 61. Kc4 Ke5 62. Kd3 Kd6 63. h3 h5 64. Nf3 Bf2 65. g4 hxg4
66. hxg4 Bg3 67. Ke3 Kc5 68. Nd2 Kb5 69. Kd4 a5 70. Nc4 Bf2+ 71. Kd3 Bg3 72.
Nb2 a4 73. Nc4 Kc5 74. Nd2 Bf4 75. Nf3 Kb5 76. Nd4+ 1-0

[Event "Sarkany-Aranytiz IM"]
[Site "Budapest"]
[Date "2013.08.18"]
[Round "2"]
[White "Koczo, Kristof"]
[Black "Lyell, Mark"]
[Result "0-1"]
[WhiteElo "2282"]
[BlackElo "2219"]
[PlyCount "84"]
[EventDate "2013.08.17"]
[EventType "tourn"]
[EventRounds "9"]
[EventCountry "HUN"]
[EventCategory "1"]

1. d4 d5 2. c4 dxc4 3. Nf3 Nf6 4. Nc3 a6 5. e4 b5 6. e5 Nd5 7. a4 Nxc3 8. bxc3
Qd5 9. g3 Bb7 10. Bg2 Qd7 11. Ba3 g6 12. O-O Bg7 13. e6 fxe6 14. Re1 O-O 15.
Ne5 Qc8 16. Bh3 Bd5 17. Qd2 (17. Qe2) 17... Nd7 18. Ng4 (18. Bxe6+ Bxe6 19. Nc6
Kf7 20. d5 (20. Nxe7 Qb7 21. d5 Bxd5 22. Qxd5+ Qxd5 23. Nxd5 Rfd8 24. Re7+ Kg8
25. Nxc7 Bxc3 26. Rc1 Bf6 27. Rxd7 Rxd7 28. Nxa8 Bd8) 20... Bf5 (20... Bh3 21.
Nxe7 Qd8 22. Qf4+ Bf5 23. Nxf5 gxf5 24. Bxf8 Kxf8 25. d6 Bxc3 26. dxc7 Qf6 27.
Qf3 Rc8 28. Qb7 Nb6 29. a5) 21. Nxe7 Qd8 22. Nxf5 gxf5 23. Be7 Qc8 24. Bxf8
Qxf8 25. axb5 axb5 26. Rxa8 Qxa8 27. Qg5) 18... Nf6 19. Bxe7 Ne4 20. Qe3 Rf7
21. Ba3 Qd8 22. Nh6+ Bxh6 23. Qxh6 Ng5 24. Bg4 Qf6 25. f4 Ne4 26. Qh3 Re8 27.
Bb4 e5 28. axb5 axb5 29. Bd7 Rd8 30. Rxe4 Bxe4 31. Be6 exd4 32. Bxf7+ Qxf7 33.
cxd4 Qd5 34. Bc3 b4 35. Ra5 Qd6 36. Re5 bxc3 37. Rxe4 c2 38. Qf1 Qd5 39. Re3
Qxd4 40. Qe1 Qd1 41. Kg2 Qxe1 42. Rxe1 Rd1 0-1

[Event "Sarkany-Aranytiz IM"]
[Site "Budapest"]
[Date "2013.08.18"]
[Round "2"]
[White "Brustkern, Juergen"]
[Black "To, Nhat Minh"]
[Result "0-1"]
[WhiteElo "2227"]
[BlackElo "2296"]
[PlyCount "102"]
[EventDate "2013.08.17"]
[EventType "tourn"]
[EventRounds "9"]
[EventCountry "HUN"]
[EventCategory "1"]

1. c4 Nf6 2. Nc3 e5 3. e3 Bb4 4. Nge2 O-O 5. a3 Bxc3 6. Nxc3 b6 7. b4 Bb7 8.
Bb2 Re8 9. Qc2 a5 10. b5 d6 11. f3 e4 12. f4 Nbd7 13. Ne2 Nc5 14. Nd4 Qd7 15.
h3 d5 16. O-O-O Nh5 17. g4 Ng3 18. Rg1 Nxf1 19. Rdxf1 dxc4 20. Qxc4 c6 21. bxc6
Bxc6 22. Kb1 Bd5 23. Qb5 Qxb5 24. Nxb5 Nb3 25. Bc3 Bc4 26. Nd6 Bxf1 27. Nxe8
Bd3+ 28. Kb2 Nc5 29. Nc7 Rd8 30. Bd4 Na4+ 31. Ka1 b5 32. Rc1 b4 33. Nd5 b3 34.
Rc8 Rxc8 35. Ne7+ Kf8 36. Nxc8 Bf1 37. Nd6 Bxh3 38. g5 h5 39. gxh6 gxh6 40.
Nxe4 Bf5 41. Nd6 {=} Bd3 42. e4 h5 43. Nf5 Bxe4 44. Ng3 Bf3 45. Nf5 Bd1 46. Bf6
Bc2 47. Nh4 Be4 48. Bd4 Ke7 49. f5 Kd6 50. Bf6 Kd5 51. Bg7 Kc4 0-1

[Event "Sarkany-Aranytiz IM"]
[Site "Budapest"]
[Date "2013.08.18"]
[Round "2"]
[White "Ianov, Viktor"]
[Black "Torma, Robert"]
[Result "0-1"]
[WhiteElo "2314"]
[BlackElo "2385"]
[PlyCount "76"]
[EventDate "2013.08.17"]
[EventType "tourn"]
[EventRounds "9"]
[EventCountry "HUN"]
[EventCategory "1"]

1. Nf3 f5 2. g3 Nf6 3. Bg2 g6 4. d4 Bg7 5. c4 O-O 6. Nc3 d6 7. O-O c6 8. b3 Qa5
9. Bd2 Qc7 10. d5 Na6 11. Rc1 Nc5 12. b4 Nce4 13. Qb3 e6 14. Nxe4 Nxe4 15. Rfd1
a5 16. a3 axb4 17. axb4 Qb6 18. Be1 cxd5 19. cxd5 e5 20. Nd2 Nxd2 21. Bxd2 f4
22. gxf4 exf4 23. Bc3 Bxc3 24. Rxc3 Bg4 25. Bf3 Bxf3 26. Rxf3 Qb5 27. Rfd3 Rae8
28. R1d2 Re4 29. Rb2 Rfe8 30. Kf1 Rc4 31. Rdd2 Ree4 32. Qh3 Rc1+ 33. Kg2 Re5
34. Qg4 Qc4 35. h3 Qe4+ 36. Qf3 Rg5+ 37. Kh2 Qxf3 38. exf3 Rgg1 0-1

[Event "Sarkany-Aranytiz IM"]
[Site "Budapest"]
[Date "2013.08.18"]
[Round "2"]
[White "Orso, Miklos"]
[Black "Balint, Vilmos"]
[Result "1/2-1/2"]
[WhiteElo "2327"]
[BlackElo "2216"]
[PlyCount "104"]
[EventDate "2013.08.17"]
[EventType "tourn"]
[EventRounds "9"]
[EventCountry "HUN"]
[EventCategory "1"]

1. d4 Nf6 2. Nf3 g6 3. Bg5 Bg7 4. Nbd2 O-O 5. c3 d5 6. e3 c6 7. Bd3 Bf5 8. Bxf5
gxf5 9. Bxf6 Bxf6 10. O-O Nd7 11. Ne1 Kh8 12. Nd3 e6 13. Qh5 Qe7 14. f4 Rg8 15.
Kh1 Rg7 16. Rf3 Rag8 17. Rg1 Qf8 18. Rh3 Be7 19. Qe2 Nf6 20. Rf3 Ne4 21. Nf2
Nf6 22. h3 Rg6 23. Nd3 Ne4 24. Nf1 Qh6 25. Kh2 Qh5 26. Ne5 R6g7 27. Rf2 Qh6 28.
Rf3 Qh5 29. Rf2 Qh6 30. Rf3 Bh4 31. g3 Qh5 32. Rf2 Qxe2 33. Rxe2 f6 34. Nd3
Bxg3+ 35. Nxg3 Nxg3 36. Rf2 Ne4 37. Rxg7 Rxg7 38. Rg2 Rxg2+ 39. Kxg2 Kg7 40.
Nc5 Nxc5 41. dxc5 Kf7 42. Kf3 e5 43. Ke2 Ke6 44. Kd3 Kd7 45. a4 Kc7 46. b4 b6
47. Kc2 a5 48. cxb6+ Kxb6 49. Kd3 Ka6 50. Kc2 Kb6 51. Kd3 Ka6 52. Kc2 Kb6
1/2-1/2

[Event "Sarkany-Aranytiz IM"]
[Site "Budapest"]
[Date "2013.08.18"]
[Round "2"]
[White "Grigoryan, Meri"]
[Black "Gal, Tamas"]
[Result "0-1"]
[WhiteElo "2052"]
[BlackElo "2240"]
[PlyCount "103"]
[EventDate "2013.08.17"]
[EventType "tourn"]
[EventRounds "9"]
[EventCountry "HUN"]
[EventCategory "1"]

1. d4 c6 2. Nf3 d5 3. c3 Nf6 4. Bf4 Bf5 5. e3 Qb6 6. Qb3 Nbd7 7. Nbd2 h6 8. Ne5
Nxe5 9. Bxe5 Nd7 10. Bg3 e6 11. f3 Be7 12. e4 Bg6 13. Be2 O-O 14. O-O Nf6 15.
e5 Nd7 16. f4 c5 17. Bf2 Rac8 18. Qxb6 Nxb6 19. dxc5 Bxc5 20. Bxc5 Rxc5 21. Nb3
Rc7 22. Nd4 Na4 23. Nb5 Rc5 24. b4 Rxb5 25. Bxb5 Nxc3 26. a4 a6 27. Rf3 Rc8 28.
Bf1 Be4 29. Rh3 d4 30. Bd3 Bxd3 31. Rxd3 Rc4 32. g3 Rxb4 33. a5 Kf8 34. Kf1 Ke7
35. Rc1 Rc4 36. Rc2 Kd7 37. Rb2 Kc6 38. Kf2 Ne4+ 39. Kf3 Nc5 40. Rb6+ Kc7 41.
Rd2 Ra4 42. Rc2 Rxa5 43. Rd6 Ra3+ 44. Ke2 d3+ 45. Rxd3 Rxd3 46. Rxc5+ Kb6 47.
Rc8 Rd7 48. g4 a5 49. Rg8 g6 50. Rh8 a4 51. Rh7 a3 52. Rxh6 0-1

[Event "Sarkany-Aranytiz IM"]
[Site "Budapest"]
[Date "2013.08.19"]
[Round "3"]
[White "Balint, Vilmos"]
[Black "Grigoryan, Meri"]
[Result "1-0"]
[WhiteElo "2216"]
[BlackElo "2052"]
[PlyCount "72"]
[EventDate "2013.08.17"]
[EventType "tourn"]
[EventRounds "9"]
[EventCountry "HUN"]
[EventCategory "1"]

1. e4 d5 2. exd5 Nf6 3. d4 Bg4 4. f3 Bf5 5. Bb5+ Nbd7 6. c4 a6 7. Bxd7+ Qxd7 8.
Ne2 e6 9. dxe6 Bxe6 10. d5 O-O-O 11. Nbc3 Bf5 12. Be3 Bb4 13. O-O h5 14. Qd4 b6
15. Qd1 Qe7 16. Bf2 Bd6 17. Qa4 Kb7 18. Nd4 Bxh2+ 19. Kxh2 Ng4+ 20. Kg1 Qe5 21.
fxg4 hxg4 22. Rfe1 Qh2+ 23. Kf1 Bd3+ 24. Re2 Qh1+ 25. Bg1 Rd6 26. Ne4 Bxe4 27.
Rxe4 Rf6+ 28. Ke2 Qxg2+ 29. Kd3 Rh3+ 30. Be3 Qxb2 31. Rf1 b5 32. cxb5 axb5 33.
Nxb5 Ra6 34. Qb3 Qxb3+ 35. axb3 f6 36. Rxg4 g5 $138 1-0

[Event "Sarkany-Aranytiz IM"]
[Site "Budapest"]
[Date "2013.08.19"]
[Round "3"]
[White "Torma, Robert"]
[Black "Orso, Miklos"]
[Result "1/2-1/2"]
[WhiteElo "2385"]
[BlackElo "2327"]
[PlyCount "76"]
[EventDate "2013.08.17"]
[EventType "tourn"]
[EventRounds "9"]
[EventCountry "HUN"]
[EventCategory "1"]

1. e4 c5 2. Nc3 e6 3. f4 Nc6 4. Nf3 d5 5. Bb5 Nge7 6. exd5 exd5 7. Qe2 Qd6 8.
d4 cxd4 9. Nxd4 Bd7 10. Bxc6 bxc6 11. O-O g6 12. Nb3 Bg7 13. Be3 Be6 14. Bc5
Qd7 15. Bd4 Nf5 16. Bxg7 Nxg7 17. Qe5 O-O 18. Rad1 Bf5 19. Nc5 Qe8 20. Qxe8
Rfxe8 21. Rd2 Rab8 22. N3a4 Nh5 23. c3 Re7 24. Nb3 Rc8 25. Nac5 Nf6 26. Nd4 Ne4
27. Nxe4 Bxe4 28. Nf3 Bxf3 29. Rxf3 Re4 30. g3 Rce8 31. Kf2 h5 32. Rfd3 Kg7 33.
Rd4 Kf6 34. Kf3 Re3+ 35. Kf2 R3e4 36. Kf3 Re3+ 37. Kf2 R3e4 38. Kf3 Re3+
1/2-1/2

[Event "Sarkany-Aranytiz IM"]
[Site "Budapest"]
[Date "2013.08.20"]
[Round "4"]
[White "Koczo, Kristof"]
[Black "Brustkern, Juergen"]
[Result "0-1"]
[WhiteElo "2282"]
[BlackElo "2227"]
[PlyCount "82"]
[EventDate "2013.08.17"]
[EventType "tourn"]
[EventRounds "9"]
[EventCountry "HUN"]
[EventCategory "1"]

1. d4 Nf6 2. c4 d6 3. Nc3 Nbd7 4. e4 e5 5. Be3 g6 6. h3 Bg7 7. d5 Nc5 8. Qc2 a5
9. Nge2 h5 10. Nc1 Bd7 11. Nb3 b6 12. Nxc5 bxc5 13. Bd3 h4 14. Qd2 Nh5 15. Bc2
a4 16. Qd1 a3 17. bxa3 Nf4 18. Qf3 Rxa3 19. Bc1 Ra8 20. a4 O-O 21. g4 hxg3 22.
Qxg3 Bf6 23. Ne2 Kg7 24. Ra3 Qb8 25. Nxf4 exf4 26. Bxf4 Qb4+ 27. Bd2 Qb2 28.
Qb3 Qe5 29. f4 Qh5 30. Bd1 Qh4+ 31. Kf1 Rfb8 32. Qf3 Bd4 33. Be1 Qf6 34. a5 Rb1
35. Rb3 Rxd1 36. Qxd1 Ba4 37. f5 Rb8 38. a6 Bxb3 39. a7 Bxc4+ 40. Kg2 Rb2+ 41.
Kf3 Bxd5 0-1

[Event "Sarkany-Aranytiz IM"]
[Site "Budapest"]
[Date "2013.08.20"]
[Round "4"]
[White "Ianov, Viktor"]
[Black "Lyell, Mark"]
[Result "1-0"]
[WhiteElo "2314"]
[BlackElo "2219"]
[PlyCount "131"]
[EventDate "2013.08.17"]
[EventType "tourn"]
[EventRounds "9"]
[EventCountry "HUN"]
[EventCategory "1"]

1. Nf3 f5 2. g3 Nf6 3. Bg2 e6 4. c4 Be7 5. O-O d6 6. Nc3 O-O 7. d4 a5 8. b3 Ne4
9. Bb2 Nxc3 10. Bxc3 Qe8 11. Qd2 a4 12. b4 Nd7 13. Qd3 Nf6 14. Nd2 Qh5 15. f3
Bd7 16. a3 Rad8 17. e3 Qh6 18. Rae1 c6 19. Bb2 Ne8 20. Qc2 Ra8 21. Nb1 Nc7 22.
f4 d5 23. cxd5 exd5 24. Nc3 b5 25. Nd1 Ne8 26. Nf2 Nd6 27. Nd3 Nc4 28. Ne5 Be8
29. Rf2 Bd6 30. Bf3 Bxe5 31. dxe5 Bd7 32. Qd3 Be6 33. Bd4 Rfe8 34. Ra1 Qg6 35.
Rg2 Qf7 36. h3 Qd7 37. g4 g6 38. Kh2 Kf7 39. Rag1 Rg8 40. Bc5 Rg7 41. Qc3 Rag8
42. Bd4 Ke8 43. Qc1 Kd8 44. Bc3 Kc7 45. Rg3 Kb7 46. R1g2 h5 47. gxh5 gxh5 48.
Rxg7 Rxg7 49. Rxg7 Qxg7 50. Bxh5 Kc7 51. Bf3 Qh6 52. Be1 Bf7 53. Qc3 Bh5 54.
Bg2 Be2 55. Qd4 Kb7 56. Bf2 Kc8 57. Qc5 Qe6 58. Qf8+ Kc7 59. Qg7+ Qd7 60. Qf6
Qh7 61. e6 Nd6 62. Bh4 Kb7 63. Qd8 Qc7 64. Qd7 Bh5 65. Bf6 Nc4 66. Bd8 1-0

[Event "Sarkany-Aranytiz IM"]
[Site "Budapest"]
[Date "2013.08.20"]
[Round "4"]
[White "Orso, Miklos"]
[Black "To, Nhat Minh"]
[Result "1/2-1/2"]
[WhiteElo "2327"]
[BlackElo "2296"]
[PlyCount "50"]
[EventDate "2013.08.17"]
[EventType "tourn"]
[EventRounds "9"]
[EventCountry "HUN"]
[EventCategory "1"]

1. e4 e6 2. Nf3 c5 3. d4 cxd4 4. Nxd4 Nc6 5. Be3 Qc7 6. Nc3 a6 7. Bd3 Nf6 8.
Nxc6 bxc6 9. f4 d5 10. e5 Nd7 11. Na4 c5 12. c4 d4 13. Bd2 Bb7 14. O-O Be7 15.
b3 Bc6 16. Nb2 h5 17. Qe2 g6 18. Rae1 Qb7 19. Be4 Bxe4 20. Qxe4 Qxe4 21. Rxe4
Nb6 22. Ba5 Nd7 23. Nd3 Bd8 24. Bxd8 Kxd8 25. g3 a5 1/2-1/2

[Event "Sarkany-Aranytiz IM"]
[Site "Budapest"]
[Date "2013.08.20"]
[Round "4"]
[White "Gal, Tamas"]
[Black "Balint, Vilmos"]
[Result "0-1"]
[WhiteElo "2240"]
[BlackElo "2216"]
[PlyCount "66"]
[EventDate "2013.08.17"]
[EventType "tourn"]
[EventRounds "9"]
[EventCountry "HUN"]
[EventCategory "1"]

1. d4 Nf6 2. Nf3 g6 3. c4 Bg7 4. Nc3 O-O 5. Bg5 d6 6. e3 c6 7. Be2 Qa5 8. O-O
Bg4 9. Bh4 Nbd7 10. a3 Rfe8 11. Bg3 Nh5 12. b4 Qc7 13. Qb3 Nxg3 14. hxg3 e5 15.
d5 Nb6 16. Rac1 a5 17. dxc6 bxc6 18. Rfd1 axb4 19. axb4 Ra7 20. Ne4 Rea8 21.
Nxd6 Ra3 22. Qb1 Ra2 23. Bf1 Ra1 24. Ne8 Qe7 25. Qxa1 Rxa1 26. Rxa1 e4 27. Nxg7
exf3 28. gxf3 Bxf3 29. Nf5 gxf5 30. Rdb1 Be4 31. Rb2 Nd7 32. Ra7 Qf6 33. Rd2
Ne5 0-1

[Event "Sarkany-Aranytiz IM"]
[Site "Budapest"]
[Date "2013.08.21"]
[Round "5"]
[White "Balint, Vilmos"]
[Black "Koczo, Kristof"]
[Result "1-0"]
[WhiteElo "2216"]
[BlackElo "2282"]
[PlyCount "81"]
[EventDate "2013.08.17"]
[EventType "tourn"]
[EventRounds "9"]
[EventCountry "HUN"]
[EventCategory "1"]

1. e4 c5 2. Nf3 d6 3. d4 cxd4 4. Nxd4 Nf6 5. Nc3 a6 6. Be3 e6 7. f3 b5 8. g4
Nbd7 9. Qd2 Nb6 10. g5 Nfd7 11. a4 bxa4 12. Nxa4 Nxa4 13. Rxa4 Nc5 14. Ra5 Bb7
15. b4 Nd7 16. Be2 Ne5 17. O-O Qc7 18. Rfa1 Nc4 19. Bxc4 Qxc4 20. b5 Be7 21.
R1a4 Qc8 22. bxa6 Rxa6 23. Rxa6 Bxa6 24. Qa5 Bb7 25. Qb5+ Qd7 26. Ra7 Qxb5 27.
Nxb5 Bc8 28. Nc7+ Kd8 29. Bb6 Kd7 30. Nd5+ Kc6 31. Rc7+ Kb5 32. c4+ Ka4 33.
Nxe7 Ba6 34. Ra7 Kb4 35. Rxa6 Kxc4 36. Bc7 d5 37. exd5 exd5 38. Ra4+ Kb5 39.
Ra5+ Kc4 40. Nxd5 Re8 41. Nf4 1-0

[Event "Sarkany-Aranytiz IM"]
[Site "Budapest"]
[Date "2013.08.21"]
[Round "5"]
[White "Torma, Robert"]
[Black "Gal, Tamas"]
[Result "1/2-1/2"]
[WhiteElo "2385"]
[BlackElo "2240"]
[PlyCount "84"]
[EventDate "2013.08.17"]
[EventType "tourn"]
[EventRounds "9"]
[EventCountry "HUN"]
[EventCategory "1"]

1. e4 c6 2. d4 d5 3. Nc3 dxe4 4. Nxe4 Bf5 5. Ng3 Bg6 6. h4 h6 7. Nf3 Nd7 8. h5
Bh7 9. Bd3 Bxd3 10. Qxd3 Ngf6 11. Bd2 e6 12. O-O-O Be7 13. Qe2 Qc7 14. Ne5 O-O
15. Ng6 Rfe8 16. Nxe7+ Rxe7 17. Rh3 Ree8 18. Ne4 Nxe4 19. Qxe4 Nf6 20. Qf3 Qd8
21. g4 Qd5 22. Qxd5 exd5 23. g5 hxg5 24. Bxg5 Ne4 25. Rg1 Kh7 26. Rf3 f6 27.
Be3 Re7 28. Rf4 Rg8 29. Rfg4 Nd6 30. Rg6 Nf5 31. h6 Nh4 32. Rxg7+ Rexg7 33.
hxg7 Nf5 34. Kd2 Rxg7 35. Rxg7+ Kxg7 36. c3 Kg6 37. Bf4 Nh4 38. Bb8 a6 39. Ke3
Kf5 40. f3 Ng2+ 41. Kf2 Nf4 42. Ke3 Ng2+ 1/2-1/2

[Event "Sarkany-Aranytiz IM"]
[Site "Budapest"]
[Date "2013.08.21"]
[Round "5"]
[White "Lyell, Mark"]
[Black "Orso, Miklos"]
[Result "1/2-1/2"]
[WhiteElo "2219"]
[BlackElo "2327"]
[PlyCount "119"]
[EventDate "2013.08.17"]
[EventType "tourn"]
[EventRounds "9"]
[EventCountry "HUN"]
[EventCategory "1"]

1. e4 c5 2. f4 e6 3. Nf3 Nc6 4. Bb5 Nge7 5. O-O d5 6. exd5 exd5 7. Qe1 Qd6 8.
b3 g6 9. Bb2 d4 10. Na3 Bg7 11. Nc4 Qc7 12. Bxc6+ Qxc6 13. c3 Qc7 14. cxd4 O-O
15. dxc5 Qxc5+ 16. d4 Qc7 17. Ba3 Be6 18. Rc1 Qd8 19. Rd1 Nd5 20. Bxf8 Qxf8 21.
Ng5 Bf5 22. Ne3 Nxe3 23. Qxe3 Re8 24. Qf2 Qd6 25. d5 b6 26. Rfe1 Rd8 27. Qh4 h6
28. Ne4 Bxe4 29. Rxe4 Qc5+ 30. Kh1 Rxd5 31. Rxd5 Qxd5 32. Qe1 h5 33. h3 Bf6 34.
Re8+ Kg7 35. Qe2 h4 36. Re4 b5 37. Re3 a5 38. Rf3 b4 39. Qd3 Qc5 40. f5 g5 41.
Rf1 Qe5 42. Rd1 Qb2 43. Qd2 Qe5 44. Qf2 Qe4 45. Re1 Qd3 46. Qe2 Qxf5 47. Rf1
Qc5 48. Qf3 Qd4 49. Qf5 Qc3 50. Qxa5 Be5 51. Qd5 f6 52. Qd7+ Kh6 53. Qf7 Qd4
54. Qf8+ Kg6 55. Qg8+ Kh6 56. Qf7 Qc3 57. Qf8+ Kg6 58. Qg8+ Kh6 59. Qh8+ Kg6
60. Qg8+ 1/2-1/2

[Event "Sarkany-Aranytiz IM"]
[Site "Budapest"]
[Date "2013.08.21"]
[Round "5"]
[White "Brustkern, Juergen"]
[Black "Ianov, Viktor"]
[Result "1-0"]
[WhiteElo "2227"]
[BlackElo "2314"]
[PlyCount "81"]
[EventDate "2013.08.17"]
[EventType "tourn"]
[EventRounds "9"]
[EventCountry "HUN"]
[EventCategory "1"]

1. e4 d6 2. Nc3 Nf6 3. f4 g6 4. Nf3 Bg7 5. d4 O-O 6. Bd3 c6 7. O-O Qb6 8. Kh1
Bg4 9. e5 dxe5 10. dxe5 Nh5 11. Qe1 f6 12. exf6 exf6 13. f5 g5 14. Be3 c5 15.
Na4 Qc6 16. Nxc5 Nd7 17. Be4 Qc7 18. Ne6 Qc8 19. Nfd4 Qb8 20. Nxf8 Bxf8 21. Ne6
Bd6 22. Bg1 Bg3 23. Qb4 Ne5 24. Qxb7 Qxb7 25. Bxb7 Rb8 26. Bd5 Kh8 27. Bxa7 Rb5
28. c4 Ra5 29. Bd4 Be2 30. Rfc1 Bf4 31. Nxf4 Nxf4 32. Re1 Kg7 33. b3 Ned3 34.
g3 Nxe1 35. Rxe1 Rxd5 36. cxd5 Bf3+ 37. Kg1 Ne2+ 38. Kf2 Nxd4 39. d6 g4 40. d7
Nc6 41. Rc1 1-0

[Event "Sarkany-Aranytiz IM"]
[Site "Budapest"]
[Date "2013.08.22"]
[Round "6"]
[White "Grigoryan, Meri"]
[Black "Lyell, Mark"]
[Result "1/2-1/2"]
[WhiteElo "2052"]
[BlackElo "2219"]
[PlyCount "21"]
[EventDate "2013.08.17"]
[EventType "tourn"]
[EventRounds "9"]
[EventCountry "HUN"]
[EventCategory "1"]

1. e4 e5 2. Nf3 Nc6 3. Bb5 a6 4. Ba4 Nf6 5. O-O Be7 6. Re1 b5 7. Bb3 O-O 8. a4
b4 9. d4 d6 10. dxe5 Nxe5 11. Bf4 1/2-1/2

[Event "Sarkany-Aranytiz IM"]
[Site "Budapest"]
[Date "2013.08.22"]
[Round "6"]
[White "Gal, Tamas"]
[Black "To, Nhat Minh"]
[Result "1-0"]
[WhiteElo "2240"]
[BlackElo "2296"]
[PlyCount "119"]
[EventDate "2013.08.17"]
[EventType "tourn"]
[EventRounds "9"]
[EventCountry "HUN"]
[EventCategory "1"]

1. d4 Nf6 2. Nf3 g6 3. c4 Bg7 4. Nc3 d5 5. Bf4 O-O 6. e3 c5 7. dxc5 Ne4 8. Be5
Bxe5 9. Nxe5 Nxc3 10. bxc3 Qa5 11. Qb3 Qc7 12. Nf3 dxc4 13. Bxc4 Nd7 14. c6
Qxc6 15. O-O Nc5 16. Qb4 Qc7 17. Nd4 Bd7 18. Rab1 Rac8 19. Bb5 Rfd8 20. a4 b6
21. Ra1 e5 22. Bxd7 Qxd7 23. Nf3 Nd3 24. Qb3 Qc7 25. Ra3 Kg7 26. h3 Qe7 27.
Rfa1 Qf6 28. Qc2 Rc5 29. Rd1 e4 30. Nd4 Rg5 31. Qe2 Ne5 32. Kh1 Rd5 33. c4 Rc5
34. Rc3 Rh5 35. Rc2 Ra5 36. Ra2 Nd3 37. Rf1 {=} Rag5 38. Rd2 Ne5 39. f4 exf3
40. Nxf3 Rf5 41. Kh2 Rxh3+ 42. Kxh3 Rh5+ 43. Kg3 Nxf3 44. Rd5 Rh2 45. e4 h5 46.
e5 Qh4+ 47. Kxf3 g5 48. Ke3 g4 49. Qf2 Qg5+ 50. Qf4 Qxf4+ 51. Rxf4 Rxg2 52. Rd7
h4 53. Rdxf7+ Kh6 54. e6 h3 55. e7 Rg1 56. Kf2 h2 57. e8=Q g3+ 58. Ke2 Re1+ 59.
Kxe1 h1=Q+ 60. Rf1 1-0

[Event "Sarkany-Aranytiz IM"]
[Site "Budapest"]
[Date "2013.08.22"]
[Round "6"]
[White "Balint, Vilmos"]
[Black "Torma, Robert"]
[Result "0-1"]
[WhiteElo "2216"]
[BlackElo "2385"]
[PlyCount "69"]
[EventDate "2013.08.17"]
[EventType "tourn"]
[EventRounds "9"]
[EventCountry "HUN"]
[EventCategory "1"]

1. e4 e6 2. d4 d5 3. exd5 exd5 4. Nf3 Nc6 5. Bd3 Bd6 6. Bg5 Nge7 7. c3 Bg4 8.
Nbd2 Qd7 9. b4 f6 10. Bh4 Ng6 11. Bg3 Nf4 12. Bxf4 Bxf4 13. b5 Ne7 14. Qa4 O-O
15. O-O a6 16. Qc2 axb5 17. Bxh7+ Kf7 18. Bd3 Rh8 19. Rfe1 Rh6 20. g3 Rah8 21.
Kg2 Bxd2 22. Qxd2 Bxf3+ 23. Kxf3 Rxh2 24. Re3 g5 25. Rf1 Nf5 26. Bxf5 Qxf5+ 27.
Ke2 Rh1 28. Rf3 Qe4+ 29. Re3 Qg4+ 30. Ke1 Rxf1+ 31. Kxf1 Rh1+ 32. Kg2 Qh3+ 33.
Kf3 g4+ 34. Kf4 Qh5 35. Re5 0-1

[Event "Sarkany-Aranytiz IM"]
[Site "Budapest"]
[Date "2013.08.23"]
[Round "7"]
[White "Torma, Robert"]
[Black "Koczo, Kristof"]
[Result "1-0"]
[WhiteElo "2385"]
[BlackElo "2282"]
[PlyCount "91"]
[EventDate "2013.08.17"]
[EventType "tourn"]
[EventRounds "9"]
[EventCountry "HUN"]
[EventCategory "1"]

1. e4 c6 2. d4 d5 3. Nc3 dxe4 4. Nxe4 Nd7 5. Ng5 Ngf6 6. Bd3 e5 7. Bc4 Nd5 8.
N1f3 h6 9. Ne4 f5 10. Nc3 Nxc3 11. bxc3 e4 12. O-O b5 13. Bb3 Bb7 14. Re1 Qf6
15. Ne5 Nxe5 16. dxe5 Qxe5 17. Qh5+ Kd8 18. Rd1+ Kc7 19. Qf7+ Kb6 20. Rd7 Bc8
21. Be3+ Bc5 22. Qxg7 Qxg7 23. Rxg7 Bxe3 24. fxe3 Rb8 25. Rg6 Rb7 26. a4 Kc5
27. axb5 cxb5 28. Raa6 Rb6 29. Raxb6 axb6 30. Kf2 Rd8 31. Kg3 Rd6 32. Rg7 Bd7
33. Kf4 b4 34. cxb4+ Kxb4 35. h4 Kc5 36. h5 Be8 37. Kxf5 Bxh5 38. Kxe4 Bd1 39.
Rc7+ Kb4 40. Rc4+ Kb5 41. Rd4 Kc5 42. Ke5 Rxd4 43. exd4+ Kc6 44. Ke6 Kc7 45.
Ke7 Bg4 46. d5 1-0